=LDR 00000nam 2200000 4500 =001 NUTBA000000000002046 =005 20140531135224.0 =006 =007 =008 =020 ##$$a 978-602-98-182-8-4 =035 ##$$0010-051400000000511 =082 ##$$a 378.166.2 =100 ##$$a kalisa pena =245 ##$$a kiat cerdas menghadapi SNMPTN =250 ##$$a cet.1,2012 =260 ##$$a JOGJAKARTA $b JAVALITERA,2012 $c 2012 =300 ##$$a 244 HLM $b ilus $c 24 cm =990 ##$$a 21400613/BPAP-NTB/20142014 =990 ##$$a 21400613/BPAP-NTB/20142014 =990 ##$$a 21400613/BPAP-NTB/20142014 =990 ##$$a 21400613/BPAP-NTB/20142014 =990 ##$$a 0001/BPAP-NTB/20142015 =990 ##$$a 0001/BPAP-NTB/20142015 =990 ##$$a 0001/BPAP-NTB/20142015 =990 ##$$a 0001/BPAP-NTB/20142015